[Event "Lueneburg distr-ch Haupt"]
[Site "Muenster"]
[Date "2019.10.19"]
[Round "5"]
[White "Baum, Luis"]
[Black "Behrendt, Ingo"]
[Result "1/2-1/2"]
[WhiteElo "1482"]
[BlackElo "1561"]
[PlyCount "61"]
[EventDate "2019.10.17"]
[EventType "swiss"]
[EventRounds "7"]
[EventCountry "GER"]
[SourceTitle "EXT 2023"]
[Source "ChessBase"]
[SourceDate "2022.10.05"]
[SourceVersion "1"]
[SourceVersionDate "2022.10.05"]
[SourceQuality "1"]

1. e4 c6 2. d4 d5 3. exd5 cxd5 4. Bd3 Nf6 5. c3 Nc6 6. Bf4 e6 7. Nf3 Be7 8. Nbd2 Nh5 9. Bg3 Nxg3 10. hxg3 h6 11. Qc2 Qc7 12. 0-0-0 Bd7 13. Rhe1 0-0-0 14. b4 f6 15. Nb3 Rhe8 16. Kd2 Nxb4 17. Qb2 Nxd3 18. Kxd3 e5 19. dxe5 fxe5 20. Rxe5 Bf6 21. Rxe8 Rxe8 22. Nbd4 Qc4+ 23. Kd2 Bf5 24. Re1 Be4 25. Re3 Qf1 26. Re2 Qxg2 27. Qb5 Re7 28. Qc5+ Rc7 29. Qf8+ Kd7 30. Qf7+ Kc8 31. Qe8+ 1/2-1/2

[Event "Lueneburg distr-ch Haupt"]
[Site "Muenster"]
[Date "2019.10.19"]
[Round "6"]
[White "Suliga, Eckhard"]
[Black "Baum, Luis"]
[Result "0-1"]
[WhiteElo "1668"]
[BlackElo "1482"]
[PlyCount "106"]
[EventDate "2019.10.17"]
[EventType "swiss"]
[EventRounds "7"]
[EventCountry "GER"]
[SourceTitle "EXT 2023"]
[Source "ChessBase"]
[SourceDate "2022.10.05"]
[SourceVersion "1"]
[SourceVersionDate "2022.10.05"]
[SourceQuality "1"]

1. e4 e5 2. Nf3 Nc6 3. Bb5 Bc5 4. 0-0 Nge7 5. c3 a6 6. Ba4 Ba7 7. d4 exd4 8. cxd4 d5 9. exd5 Nxd5 10. Re1+ Be6 11. Bxc6+ bxc6 12. Ng5 Qf6 13. Nxe6 fxe6 14. Qe2 0-0 15. Qxe6+ Qxe6 16. Rxe6 Bxd4 17. Re2 Rae8 18. Rxe8 Rxe8 19. Kf1 Nb4 20. Na3 Nd3 21. Nc2 Bxf2 22. Bd2 Bb6 23. Bc3 c5 24. b3 Rf8+ 25. Ke2 Nf4+ 26. Kd2 Rd8+ 27. Ke3 Nxg2+ 28. Kf3 Nh4+ 29. Kg4 Ng6 30. Na3 Rd3 31. Rc1 c6 32. Nc4 Bc7 33. h4 Rg3+ 34. Kf5 Nxh4+ 35. Ke6 g5 36. Bf6 Ng6 37. Kd7 Bf4 38. Re1 Kf7 39. Bb2 h5 40. Kxc6 h4 41. Kb6 h3 42. Rh1 g4 43. Kxa6 Rg2 44. a4 h2 45. Kb6 Rg1 46. Rxh2 Bxh2 47. a5 Re1 48. a6 Re6+ 49. Kb7 g3 50. a7 Re7+ 51. Kb6 Rxa7 52. Kxa7 g2 53. Ne5+ Nxe5 0-1

[Event "Lueneburg distr-ch Haupt"]
[Site "Muenster"]
[Date "2019.10.18"]
[Round "4"]
[White "Baum, Luis"]
[Black "Schmidt, Ulrich1111"]
[Result "0-1"]
[WhiteElo "1482"]
[BlackElo "1779"]
[PlyCount "76"]
[EventDate "2019.10.17"]
[EventType "swiss"]
[EventRounds "7"]
[EventCountry "GER"]
[SourceTitle "EXT 2023"]
[Source "ChessBase"]
[SourceDate "2022.10.05"]
[SourceVersion "1"]
[SourceVersionDate "2022.10.05"]
[SourceQuality "1"]

1. e4 e6 2. Nc3 d5 3. exd5 exd5 4. d4 c6 5. Bd3 Bd6 6. Nge2 Qc7 7. Ng3 Ne7 8. Be3 Be6 9. Qd2 Nd7 10. 0-0-0 0-0-0 11. Rde1 Rde8 12. Rhf1 h5 13. f4 f5 14. Nge2 Nf6 15. Ng1 Ne4 16. Bxe4 fxe4 17. Nge2 Nf5 18. h3 h4 19. Na4 b6 20. b3 Kb7 21. Nb2 a5 22. Kb1 b5 23. Rc1 Qb6 24. Ka1 Ra8 25. c4 Bb4 26. Nc3 Rhc8 27. c5 Qa6 28. a4 Kc7 29. Kb1 Rcb8 30. Kc2 Qb7 31. Rb1 Rd8 32. Rfd1 Rab8 33. Re1 Bxc5 34. dxc5 bxa4 35. Nbxa4 d4 36. Nxe4 Bxb3+ 37. Rxb3 Qxb3+ 38. Kc1 Qb1# 0-1

[Event "Lueneburg distr-ch U14/16/18"]
[Site "Muenster"]
[Date "2019.10.16"]
[Round "7"]
[White "Thomas, Vincent1111"]
[Black "Baum, Luis"]
[Result "1/2-1/2"]
[WhiteElo "1539"]
[BlackElo "1655"]
[PlyCount "42"]
[EventDate "2019.10.14"]
[EventType "swiss"]
[EventRounds "7"]
[EventCountry "GER"]
[SourceTitle "EXT 2023"]
[Source "ChessBase"]
[SourceDate "2022.10.05"]
[SourceVersion "1"]
[SourceVersionDate "2022.10.05"]
[SourceQuality "1"]

1. d4 d5 2. c4 c6 3. Nc3 Nf6 4. cxd5 cxd5 5. Nf3 Nc6 6. g3 Bf5 7. Ne5 Qb6 8. Nxc6 Qxc6 9. e4 Bd7 10. Bb5 Qe6 11. Bxd7+ Qxd7 12. exd5 Nxd5 13. Nxd5 Qxd5 14. 0-0 e6 15. Be3 Be7 16. Qb3 Qd7 17. Rac1 0-0 18. Rc2 Rfc8 19. Rfc1 Rxc2 20. Rxc2 Bf6 21. Qc4 Rd8 1/2-1/2

[Event "Lueneburg distr-ch Haupt"]
[Site "Lueneburg"]
[Date "2017.10.14"]
[Round "5"]
[White "Baum, Luis"]
[Black "Drezek, Wieslaw"]
[Result "0-1"]
[WhiteElo "1377"]
[BlackElo "1604"]
[PlyCount "141"]
[EventDate "2017.10.12"]
[EventType "swiss"]
[EventRounds "7"]
[EventCountry "GER"]
[SourceTitle "EXT 2019"]
[Source "ChessBase"]
[SourceDate "2018.10.10"]
[SourceVersion "1"]
[SourceVersionDate "2018.10.10"]
[SourceQuality "1"]

1. e4 e5 2. Nf3 Nc6 3. Bc4 Nf6 4. Nc3 Be7 5. d3 d6 6. h3 h6 7. 0-0 Bd7 8. Be3 Na5 9. Bb3 c5 10. Bd5 Rb8 11. a3 b6 12. Ne2 0-0 13. Ba2 Be6 14. Bxe6 fxe6 15. c3 c4 16. dxc4 Nxc4 17. Qd3 Qc7 18. b3 Nxe3 19. Qxe3 Qc6 20. Nd2 Rbc8 21. c4 Nd7 22. Nf3 Nc5 23. Nc3 Qb7 24. Rab1 Rf7 25. Rfd1 Rcf8 26. Nb5 Nxe4 27. Re1 Rf4 28. Nc3 Nxc3 29. Qxc3 Rxf3 30. gxf3 Rxf3 31. Re3 Rf5 32. f3 d5 33. Rxe5 Bf6 34. Rbe1 d4 35. Qxd4 Qxf3 36. Qe3 Qxe3+ 37. R5xe3 Bd4 38. Kg2 Bxe3 39. Rxe3 Kf7 40. Rd3 Ke7 41. Kg3 Ra5 42. a4 Rg5+ 43. Kf4 a5 44. Ke4 Rc5 45. Rg3 g5 46. Rf3 h5 47. Rf2 Kd6 48. Rf8 Re5+ 49. Kd4 Rf5 50. Rd8+ Kc7 51. Rh8 g4 52. hxg4 hxg4 53. Rg8 Rf3 54. Rg7+ Kd6 55. Rb7 Rxb3 56. Rg7 g3 57. Rg8 Ra3 58. Rg5 Rxa4 59. Rb5 Rb4 60. Rg5 b5 61. Rxg3 Rxc4+ 62. Kd3 Kd5 63. Rg5+ e5 64. Rg1 a4 65. Rb1 Kc5 66. Re1 Rd4+ 67. Kc2 e4 68. Rh1 Kc4 69. Rh8 e3 70. Rc8+ Kb4 71. Re8 0-1

[Event "Lueneburg distr-ch U14/16/18"]
[Site "Tostedt"]
[Date "2015.10.20"]
[Round "5.4"]
[White "Von Estorff, Jacob"]
[Black "Baum, Luis"]
[Result "1-0"]
[WhiteElo "1819"]
[BlackElo "771"]
[PlyCount "67"]
[EventDate "2015.10.19"]
[EventType "swiss"]
[EventRounds "7"]
[EventCountry "GER"]
[SourceTitle "EXT 2019"]
[Source "ChessBase"]
[SourceDate "2018.10.10"]
[SourceVersion "1"]
[SourceVersionDate "2018.10.10"]
[SourceQuality "1"]

1. e4 e5 2. Nf3 Nc6 3. d4 d6 4. Bc4 Nf6 5. dxe5 dxe5 6. Qxd8+ Nxd8 7. Nxe5 Nxe4 8. 0-0 Bd6 9. Bf4 0-0 10. Re1 Bf5 11. g4 Bc5 12. Be3 Be6 13. Bxe6 fxe6 14. Nd7 Bxe3 15. Rxe3 Rf4 16. f3 Rf7 17. Ne5 Re7 18. Rxe4 Nc6 19. Nxc6 bxc6 20. Nc3 Rb8 21. b3 Rf8 22. Kg2 g6 23. Rd1 Ref7 24. Rd3 g5 25. Rxe6 c5 26. Ne4 h6 27. Nxc5 h5 28. h3 hxg4 29. hxg4 Rh7 30. Ne4 Rh4 31. Nxg5 Kg7 32. Rd7+ Kg8 33. Rxc7 Rd8 34. Rg6+ 1-0